5HLuxD.jpg

KING HENRY VIII SENIOR AND PRIMARY SCHOOL LIBRARY OPAC

Diwali : (Record no. 1042)

000 -LEADER
fixed length control field 01326cam a2200337 i 4500
001 - CONTROL NUMBER
control field 19327429
003 - CONTROL NUMBER IDENTIFIER
control field OSt
005 - DATE AND TIME OF LATEST TRANSACTION
control field 20200521114333.0
008 - FIXED-LENGTH DATA ELEMENTS--GENERAL INFORMATION
fixed length control field 161005s2017 mnua j b 001 0 eng
010 ## - LIBRARY OF CONGRESS CONTROL NUMBER
LC control number 2016033347
020 ## - INTERNATIONAL STANDARD BOOK NUMBER
International Standard Book Number 9781618912725
Qualifying information (paperback)
040 ## - CATALOGING SOURCE
Original cataloging agency DLC
Language of cataloging eng
Transcribing agency DLC
Description conventions rda
Modifying agency DLC
042 ## - AUTHENTICATION CODE
Authentication code pcc
082 00 - DEWEY DECIMAL CLASSIFICATION NUMBER
Classification number 294.5 KOE
Edition number 23
100 1# - MAIN ENTRY--PERSONAL NAME
Personal name Koestler-Grack, Rachel A.,
Dates associated with a name 1973-
Relator term author.
245 10 - TITLE STATEMENT
Title Diwali :
Remainder of title celebrating Holidays /
Statement of responsibility, etc. by Rachel Grack.
264 #1 - PRODUCTION, PUBLICATION, DISTRIBUTION, MANUFACTURE, AND COPYRIGHT NOTICE
Place of production, publication, distribution, manufacture Minneapolis, MN :
Name of producer, publisher, distributor, manufacturer Bellwether Media,
Date of production, publication, distribution, manufacture, or copyright notice 2017
300 ## - PHYSICAL DESCRIPTION
Extent 24 pages ;
Other physical details color illustrations ;
Dimensions 24 cm.
336 ## - CONTENT TYPE
Content type term text
Content type code txt
Source rdacontent
337 ## - MEDIA TYPE
Media type term unmediated
Media type code n
Source rdamedia
338 ## - CARRIER TYPE
Carrier type term volume
Carrier type code nc
Source rdacarrier
490 0# - SERIES STATEMENT
Series statement Blastoff! readers: celebrating holidays
500 ## - GENERAL NOTE
General note Audience: ages: 5-8.
504 ## - BIBLIOGRAPHY, ETC. NOTE
Bibliography, etc. note Includes bibliographical references (page 24) and index.
520 ## - SUMMARY, ETC.
Summary, etc. "Relevant images match informative text in this introduction to Diwali. Intended for students in kindergarten through third grade"--
Assigning source Provided by publisher.
650 #0 - SUBJECT ADDED ENTRY--TOPICAL TERM
Topical term or geographic name entry element Divali
Form subdivision Juvenile literature.
650 #0 - SUBJECT ADDED ENTRY--TOPICAL TERM
Topical term or geographic name entry element Religion
906 ## - LOCAL DATA ELEMENT F, LDF (RLIN)
a 7
b cbc
c orignew
d 1
e ecip
f 20
g y-gencatlg
942 ## - ADDED ENTRY ELEMENTS (KOHA)
Source of classification or shelving scheme
Koha item type Books - Non Ficton
Holdings
Withdrawn status Lost status Source of classification or shelving scheme Damaged status Not for loan Permanent Location Current Location Shelving location Date acquired Total Checkouts Full call number Barcode Date last seen Date last checked out Price effective from Koha item type
          KH8 Primary School Library KH8 Primary School Library Non Fiction 2020-05-21 2 294.5 KOE 3KHPL000002559 2026-01-22 2026-01-16 2020-05-21 Books - Non Ficton

Powered By KH8 IT Dept